1970s... or 1980s? - Statistics

General Stats
  • This quiz has been taken 30,612 times
  • The average score is 12 of 15
Answer Stats
Question Answer % Correct
Fall of the Berlin Wall 1980s
92%
The Vietnam War comes to an end 1970s
90%
"Disco Inferno" hits the radio 1970s
87%
Michael Jackson popularizes the Moonwalk 1980s
87%
"The Godfather" debuts in theaters 1970s
82%
Musical super-group Band Aid is formed to raise money for Ethiopian famine relief 1980s
82%
"E.T. the Extra-Terrestrial" debuts in theaters 1980s
81%
Ronald Reagan serves as President of the U.S. 1980s
80%
First commercially-available cell phone 1980s
80%
Ali beats Foreman at "The Rumble in the Jungle" 1970s
78%
The Sex Pistols record "Anarchy in the U.K." 1970s
75%
Tiananmen Square massacre 1980s
73%
First visit by a U.S. President to communist China 1970s
65%
Apple Computer founded 1970s
55%
Invention of Tetris 1980s
49%
No matching quizzes found
Score Distribution
Percent of People with Each Score
Percentile by Number Answered
Your Score History
You have not taken this quiz